000
00211 a2200097 4500
001
3372
100
_a
Terman, F.E
245
_a
Electronic & radio engineering
260
_a
_b
Mcgrawhill
_c
090
_c
2649
_d
2649
942
_a
NUST-CAE
_c
M
_c
18324
999
_c
238445
_d
238445